| 000 | 003770000a22001090004500 | ||
|---|---|---|---|
| 090 |
_aAR _b04777 |
||
| 100 | 1 |
_aVanni, Michael J. _998936 |
|
| 245 | 1 | 0 |
_aFreshwater zooplankton community structure _sintroduction of large invertebrate predators and large herbivores to a small - species community |
| 041 | 0 | _aInglés | |
| 942 | _cARTICULO | ||
| 773 | 1 |
_tCan J. Fish _q1758-1770 _d1988 _g45 |
|
| 999 |
_c13877 _d13877 |
||